Finales de Mundiales - actualizado 2022 - Estadísticas

Estadísticas generales
  • Esta prueba ha sido intentada 290 veces
  • La puntuación promedio es 66 de 94
Estadísticas de respuestas
% Correcto
1930 Uruguay
95%
1930 2
82%
1930 4
82%
1934 Italia
82%
2022 Argentina
81%
1930 Argentina
79%
1986 Argentina
79%
1994 Brasil
79%
2002 Brasil
79%
2010 España
79%
2018 Francia
79%
2022 Francia
79%
2006 Italia
79%
1950 Uruguay
79%
2014 Alemania
78%
1978 Argentina
78%
2018 Croacia
78%
1998 Francia
78%
2010 Países Bajos
78%
2022 3
77%
2022 3
77%
2022 4
77%
1958 Brasil
77%
1938 Italia
77%
2022 2
76%
1990 Alemania Federal
76%
2014 Argentina
76%
2010 1
75%
1982 Italia
75%
2010 0
74%
2014 0
74%
2014 1
74%
1954 Alemania Federal
74%
1962 Brasil
74%
1970 Brasil
74%
1966 Inglaterra
74%
2018 2
73%
2018 4
73%
1974 Alemania Federal
73%
1934 1
72%
2006 1
72%
2006 1
72%
1934 2
72%
1986 2
72%
1986 3
72%
1998 3
72%
1998 Brasil
72%
1998 0
71%
2002 0
71%
2002 2
71%
2002 Alemania
71%
1986 Alemania Federal
71%
2006 Francia
71%
1994 0
70%
1950 1
70%
1950 2
70%
1978 3
70%
1994 Italia
70%
1994 0
69%
1978 1
69%
1950 Brasil
69%
1990 1
68%
1994 3
68%
1994 4
68%
1990 0
67%
2006 3
67%
2006 5
67%
1978 Países Bajos
67%
1938 4
66%
1938 2
65%
1958 2
65%
1966 4
65%
1958 5
65%
1990 Argentina
65%
1982 1
64%
1954 2
64%
1966 2
64%
1974 2
64%
1954 3
64%
1982 3
64%
1962 1
63%
1974 1
63%
1962 3
63%
1970 1
62%
1970 4
62%
1982 Alemania Federal
57%
1958 Suecia
57%
1966 Alemania Federal
56%
1974 Paises Bajos
55%
1970 Italia
54%
1954 Hungría
52%
1938 Hungría
49%
1934 Checoslovaquia
45%
1962 Checoslovaquia
40%
No se encontraron pruebas coincidentes
Distribución de puntuación
Porcentaje de gente con cada puntuación
Porcentaje por número respondido
Historial de tus puntuaciones
No has intentado esta prueba.